|
|
|
|
| LEADER |
00000cam a2200000 7i4500 |
| 001 |
0000002058 |
| 005 |
20061023093000.0 |
| 008 |
021118s1993 |
| 020 |
|
|
|a 2894293895
|
| 090 |
0 |
0 |
|a TX715.6
|b .A8 1993
|
| 100 |
0 |
|
|a Aspinwall, Jane ,
|e author
|
| 245 |
1 |
4 |
|a The partytime cookbook
|c Jane Aspinwall, Jan Wunderlich
|
| 260 |
2 |
|
|a Montreal, Canada :
|b Tormont Publications ,
|c 1993
|
| 300 |
|
|
|a 96 p. :
|b ill. ;
|c 28 cm.
|
| 504 |
|
|
|a Includes index
|
| 650 |
|
0 |
|a Cookery, Canadian
|
| 650 |
|
0 |
|a Entertaining
|
| 700 |
1 |
|
|a Wunderlich, Jan ,
|e author
|
| 999 |
|
|
|a 1000077360
|b Book
|c OPEN SHELF (30 DAYS)
|e Gong Badak Campus
|